Asamiya aru Asamar tibbat-barmiya bhasa (Record no. 7387)

MARC details
000 -LEADER
fixed length control field 00640cam a2200205ua 4500
005 - DATE AND TIME OF LATEST TRANSACTION
control field 20230330145340.0
008 - FIXED-LENGTH DATA ELEMENTS--GENERAL INFORMATION
fixed length control field 150127n ii |||gr||||Z||||||asm
040 ## - CATALOGING SOURCE
Transcribing agency MAIN
Original cataloging agency IN-DiNC
041 ## - LANGUAGE CODE
Language code of sung or spoken text Assamese
082 ## - DEWEY DECIMAL CLASSIFICATION NUMBER
Classification number 491.451
Item number HAK
100 ## - MAIN ENTRY--PERSONAL NAME
Personal name Hakacham, Upen Rabha,
Relator term Author
245 13 - TITLE STATEMENT
Title Asamiya aru Asamar tibbat-barmiya bhasa
Statement of responsibility, etc. by Upen Rabha Hakacham
250 ## - EDITION STATEMENT
Edition statement 6th ed.
260 ## - PUBLICATION, DISTRIBUTION, ETC.
Place of publication, distribution, etc. Goalpara:
Name of publisher, distributor, etc. Manjula Rabha Hakachamzak,
Date of publication, distribution, etc. 2017
300 ## - PHYSICAL DESCRIPTION
Extent 257p.
650 ## - SUBJECT ADDED ENTRY--TOPICAL TERM
Topical term or geographic name entry element Comparative studies of Assamese and the Tibeto Burman languages of Assam
942 ## - ADDED ENTRY ELEMENTS (KOHA)
Koha item type Books
Source of classification or shelving scheme Dewey Decimal Classification
653 ## - INDEX TERM--UNCONTROLLED
Uncontrolled term East Indo-European & Celtic languages
653 ## - INDEX TERM--UNCONTROLLED
Uncontrolled term Asamia bhasa
Holdings
Withdrawn status Lost status Source of classification or shelving scheme Damaged status Not for loan Collection code Home library Current library Shelving location Date acquired Cost, normal purchase price Total Checkouts Full call number Barcode Date last seen Date last checked out Copy number Price effective from Koha item type
    Dewey Decimal Classification     Assamese Central Library, Naharkatiya College Central Library, Naharkatiya College General Stacks 19/09/2020 200.00 4 491.451 HAK 21313 21/09/2024 18/09/2024 1 19/09/2020 Books
    Dewey Decimal Classification     Assamese Central Library, Naharkatiya College Central Library, Naharkatiya College General Stacks 30/03/2023 200.00   491.451 HAK 25719 30/03/2023   2 30/03/2023 Books

Naharkatiya College © 2020. All rights reserved.

Powered By